000
00305nam a22001457a 4500
008
230614b ||||| |||| 00| 0 eng d
020
_a
9780471584650
041
_a
eng
080
_a
573
082
_a
573BEL
100
_a
16
101
_a
BIO
245
_a
BIOSTATISTICS
_c
BELLE.V.G
942
_2
udc
_c
BK
999
_c
59972
_d
59972